| 000 | 00746nam a2200181 a 4500 | ||
|---|---|---|---|
| 008 | 120416s1973 ||||||||||||||||| || u | ||
| 020 | _a0813818001 | ||
| 050 | _aHD 9000.6 Bla | ||
| 100 | _aBlakeslee, Leroy L | ||
| 245 | 1 | 0 | _aWorld food production, demand and trade |
| 260 |
_aIowa _bIowa State University Press _c1973 |
||
| 350 | _a0.00 | ||
| 650 | _aFOOD | ||
| 650 | _aPRODUCE TRADE | ||
| 700 | _aFarmingham, Charles | ||
| 995 |
_aANNEX COLLECTION (Main Library) _D0.00 _e712445 _FCBU-MAIN LIBRARY (Kitwe) _H1 _I0.00 _jHD 9000.6 Bla _M1 _UAVAILABLE _y005344 _ZAnnex Low-Usage Collection |
||
| 995 |
_aANNEX COLLECTION (Main Library) _D0.00 _e712446 _FCBU-MAIN LIBRARY (Kitwe) _H2 _I0.00 _jHD 9000.6 Bla _M2 _UAVAILABLE _y005345 _ZAnnex Low-Usage Collection |
||
| 999 |
_c83241 _d83241 |
||